| 000 | 01029nam a2200277 a 4500 | ||
|---|---|---|---|
| 001 | 000035156 | ||
| 005 | 20200930074136.0 | ||
| 008 | 111024s1974 mx 000 0 spa d | ||
| 040 |
_aDO-SdBNP _bspa _cBNPHU |
||
| 082 |
_a320.51 _bR985p, 1953 |
||
| 100 | 1 |
_aLaski, Harol J. _960873 |
|
| 240 | 1 | 0 |
_aThe rise of european liberalism _lEspañol |
| 245 | 1 | 0 |
_aEl liberalismo europeo / _cHarol J. Laski, ; versión española de Victoriano Miguélez. |
| 250 | _a2ª. ed. | ||
| 260 |
_aMéxico : _bFondo de Cultura Económica, _c1974. |
||
| 300 |
_a210 p. ; _c17 cm. |
||
| 490 | 1 |
_aBreviarios del Fondo de Cultura Económica _v81 |
|
| 504 | _aBibliografía : p. 203-205 | ||
| 590 | _aPerteneció a la biblioteca personal de Juan Isidro Jimenes Grullón. | ||
| 650 | 4 |
_aLiberalismo _zEuropa _960874 |
|
| 650 | 4 |
_aCiencia política _xHistoria _9727 |
|
| 700 | 1 | 2 |
_aMiguélez, Victoriano, _etr. _960875 |
| 830 | 0 |
_aBreviarios del Fondo de Cultura Económica _n81 _960876 |
|
| 910 | _aValidado. Control de calidad MFF | ||
| 049 | _aBNGR | ||
| 999 |
_c34647 _d34647 |
||